LIBRARY & INFORMATION CENTRE, KCAET, TAVANUR

ONLINE PUBLIC ACCESS CATALOGUE (OPAC)

Course in computer programming ( fortran-4) with numerical techniques: introduction to Fortran 77 / (Record no. 9670)

MARC details
000 -LEADER
fixed length control field 00542cam a2200193ua 4500
041 ## - LANGUAGE CODE
Language code of text/sound track or separate title eng
082 ## - DEWEY DECIMAL CLASSIFICATION NUMBER
Classification number 005.133
Item number MOT/CO
100 ## - MAIN ENTRY--AUTHOR NAME
Personal name Motewar, S N .
245 ## - TITLE STATEMENT
Title Course in computer programming ( fortran-4) with numerical techniques: introduction to Fortran 77 /
250 ## - EDITION STATEMENT
Edition statement 2 /
260 ## - PUBLICATION, DISTRIBUTION, ETC. (IMPRINT)
Place of publication Delhi :
Name of publisher Dhanpath Rai and sons ,
Year of publication 1990.
300 ## - PHYSICAL DESCRIPTION
Number of Pages 962 ; .
700 1# - ADDED ENTRY--PERSONAL NAME
Personal name Domkundwar, S .
942 ## - ADDED ENTRY ELEMENTS (KOHA)
Koha item type Books
Holdings
Withdrawn status Lost status Damaged status Home library Current library Date acquired Full call number Accession Number Koha item type
Withdrawn     KAUAET KAUAET 07/04/2012 005.133 17997 Books
free website counter